000 00396cam a2200169ua 4500
041 _aeng
_h
082 _a828.09
_bLEA/CO
100 _aLeavis, F R .
245 _aCommon pursuit /
_cF R Leavis.
_hTextual Documents
250 _a1 /
_b.
260 _aLondon :
_bChatto and Windus ,
_c1965.
300 _a307 ; .
504 _a
942 _cBK
999 _c6893
_d6893